Government of the indian republic (Record no. 713)

MARC details
000 -LEADER
fixed length control field 00499cam a2200193ua 4500
001 - CONTROL NUMBER
control field 787
005 - DATE AND TIME OF LATEST TRANSACTION
control field 20260515113226.0
008 - FIXED-LENGTH DATA ELEMENTS--GENERAL INFORMATION
fixed length control field 110420n ii |||gr||||Z||||||eng
040 ## - CATALOGING SOURCE
Transcribing agency MAIN
082 ## - DEWEY DECIMAL CLASSIFICATION NUMBER
Classification number 321.860954
245 1# - TITLE STATEMENT
Title Government of the indian republic
Statement of responsibility, etc. by M.P. Sharma.
250 ## - EDITION STATEMENT
Edition statement 6th.
260 ## - PUBLICATION, DISTRIBUTION, ETC.
Place of publication, distribution, etc. Allahabad:
Name of publisher, distributor, etc. Kitab Mahal,972.
300 ## - PHYSICAL DESCRIPTION
Extent 362p:
Dimensions 25cm.
653 ## - INDEX TERM--UNCONTROLLED
Uncontrolled term Political science
653 ## - INDEX TERM--UNCONTROLLED
Uncontrolled term Government of the Indian republic
700 ## - ADDED ENTRY--PERSONAL NAME
Personal name Sharma, M.P.,
Relator term Author.
942 ## - ADDED ENTRY ELEMENTS (KOHA)
Koha item type Books
Holdings
Withdrawn status Lost status Damaged status Not for loan Home library Current library Shelving location Date acquired Total checkouts Full call number Barcode Date last seen Copy number Price effective from Koha item type
        Naharkatiya College Library Naharkatiya College Library General stacks 09/19/2020   321.860954 | SHA 55 09/19/2020 1 09/19/2020 Books
        Naharkatiya College Library Naharkatiya College Library General stacks 09/19/2020   321.860954 | SHA 56 09/19/2020 2 09/19/2020 Books